[Event "XXVII C.to Italiano a squadre A2"]
[Site "ITA"]
[Date "1995.??.??"]
[Round "?"]
[White "Zurla, Mirko"]
[Black "Moncher, Stefano"]
[Result "1/2-1/2"]
[WhiteElo "2220"]
[BlackElo "2202"]
[PlyCount "154"]
[EventDate "1995.??.??"]

1. e4 e6 2. d4 d5 3. Nc3 Bb4 4. e5 c5 5. a3 Bxc3+ 6. bxc3 Ne7 7. a4 Nbc6 8. Nf3
Qa5 9. Qd2 Bd7 10. Bd3 f6 11. O-O O-O-O 12. Ba3 cxd4 13. cxd4 Qxd2 14. Nxd2 Ng6
15. Nf3 Be8 16. Rfe1 Nf4 17. Bb5 Bh5 18. Bxc6 bxc6 19. Re3 Bxf3 20. gxf3 fxe5
21. dxe5 Kb7 22. Rb1+ Ka6 23. Reb3 Rd7 24. Bd6 Rc8 25. Kf1 Rf7 26. Ke1 g5 27.
Kd2 Ng6 28. Ke3 Nh4 29. Ke2 h6 30. Rc3 Nf5 31. Bb4 Nd4+ 32. Ke3 c5 33. Rxc5
Rxc5 34. Bxc5 Nxf3 35. Bd6 Nxh2 36. Rg1 Rf4 37. Ke2 Nf3 38. Rg3 Nd4+ 39. Kd3
Nf5 40. Rg2 Rxa4 41. Bf8 Kb5 42. Rg1 Rd4+ 43. Ke2 Rf4 44. Rb1+ Kc6 45. Ra1 Nd4+
46. Kd3 Nxc2 47. Ra6+ Kb5 48. Rxe6 Rxf8 49. Kxc2 Rxf2+ 50. Kd3 Kc5 51. Rxh6
Rf3+ 52. Kd2 Kd4 53. e6 Re3 54. Rg6 Re5 55. e7 Rxe7 56. Rxg5 a5 57. Rg4+ Re4
58. Rg3 Rh4 59. Ra3 Rh2+ 60. Kd1 Rh1+ 61. Kd2 Rh2+ 62. Kd1 Kc4 63. Rxa5 d4 64.
Ra3 Rb2 65. Rh3 Ra2 66. Rg3 Ra1+ 67. Kd2 Rh1 68. Rf3 Rh2+ 69. Kd1 Rh5 70. Kd2
Ra5 71. Rh3 Rb5 72. Rg3 Rb2+ 73. Kd1 Kd5 74. Rh3 Rg2 75. Ra3 Rh2 76. Rg3 Ke5
77. Ra3 Kf4 1/2-1/2

[Event "C.to Europeo U16"]
[Site "Zagan POL"]
[Date "1995.06.??"]
[Round "1"]
[White "Oberrauch, Martin"]
[Black "Felecan, Florin"]
[Result "1/2-1/2"]
[WhiteElo "1812"]
[BlackElo "2220"]
[PlyCount "105"]
[EventDate "1995.06.25"]

1. c4 g6 2. Nc3 Bg7 3. g3 Nf6 4. Bg2 O-O 5. e3 d6 6. Nge2 c5 7. O-O Nc6 8. b3
Bf5 9. d3 Qd7 10. Bb2 Bh3 11. Bxh3 Qxh3 12. Nf4 Qf5 13. e4 Qd7 14. Ncd5 Nxd5
15. Bxg7 Nxf4 16. Bxf8 Nh3+ 17. Kg2 Ng5 18. h4 Qh3+ 19. Kg1 Ne5 20. hxg5 Ng4
21. Qxg4 Qxg4 22. Bxe7 h6 23. Kg2 Qe6 24. Bf6 hxg5 25. Bxg5 f6 26. Be3 Qe5 27.
Rad1 Kg7 28. Rh1 Rh8 29. Rxh8 Kxh8 30. f3 Qc3 31. Kf2 Qa5 32. Rd2 Kg7 33. Ke2
Kf7 34. Bf4 Ke6 35. Be3 b5 36. cxb5 Qxb5 37. Kf2 a5 38. d4 cxd4 39. Rxd4 Qh5
40. Kg2 Qc5 41. Kf2 Qa3 42. Rd2 Qb4 43. Bf4 g5 44. Be3 f5 45. exf5+ Kxf5 46.
g4+ Kf6 47. Rd4 Qa3 48. Rd2 Kg6 49. Ke2 Kf6 50. Kf2 Kg6 51. Ke2 Qb4 52. Rd5 Kf6
53. Rd2 1/2-1/2

[Event "C.to Europeo U16"]
[Site "Zagan POL"]
[Date "1995.06.??"]
[Round "2"]
[White "Dervishi, Erald"]
[Black "Oberrauch, Martin"]
[Result "1-0"]
[WhiteElo "2305"]
[BlackElo "1812"]
[PlyCount "102"]
[EventDate "1995.06.25"]

1. e4 Nf6 2. e5 Nd5 3. d4 d6 4. Nf3 Bg4 5. Be2 Nc6 6. O-O e6 7. c4 Nb6 8. exd6
cxd6 9. b3 d5 10. c5 Nc8 11. Bf4 Bxf3 12. Bxf3 g6 13. Na3 Bg7 14. Nc2 N8e7 15.
Qd2 Nf5 16. Be3 b6 17. b4 bxc5 18. bxc5 Rb8 19. Rab1 O-O 20. Be2 h5 21. Bb5 Qc8
22. a4 a6 23. Be2 Rxb1 24. Rxb1 Qa8 25. Rb6 Rb8 26. Bf1 Rxb6 27. cxb6 a5 28.
Qc3 Nd6 29. Bf4 Ne4 30. Qd3 Qb7 31. Qa6 Qxa6 32. Bxa6 e5 33. dxe5 g5 34. Be3
Bxe5 35. Bb5 Nb8 36. Nd4 f6 37. Nb3 Nc3 38. Nxa5 Nxb5 39. axb5 d4 40. Bd2 Kf7
41. Nc6 Ke6 42. Kf1 Bd6 43. Nxd4+ Kd5 44. Bc3 Nd7 45. b7 Kc4 46. Nf5 Bb8 47.
Ba1 Kxb5 48. Ng3 Kc6 49. Nxh5 f5 50. Ng3 f4 51. Ne4 g4 1-0

[Event "C.to Europeo U16"]
[Site "Zagan POL"]
[Date "1995.06.??"]
[Round "3"]
[White "Oberrauch, Martin"]
[Black "Smetankin, Stanislav"]
[Result "1-0"]
[WhiteElo "1812"]
[BlackElo "2295"]
[PlyCount "73"]
[EventDate "1995.06.25"]

1. c4 c5 2. Nf3 Nc6 3. Nc3 g6 4. g3 Bg7 5. Bg2 e5 6. d3 Nge7 7. O-O O-O 8. Rb1
d6 9. a3 f5 10. Bd2 a5 11. Ne1 f4 12. Nc2 a4 13. b4 axb3 14. Rxb3 g5 15. Nd5
Nxd5 16. Bxd5+ Kh8 17. Qb1 Qe8 18. Rb6 Rf6 19. f3 fxg3 20. hxg3 Qh5 21. Rf2 Rh6
22. Rg2 Nd4 23. Nxd4 exd4 24. Kf2 Bh3 25. Rh2 Be5 26. Qg1 Rf8 27. Rxb7 Rhf6 28.
Ke1 Qg4 29. Kd1 Qh5 30. Qg2 g4 31. fxg4 Rf1+ 32. Kc2 Bxg2 33. Rxh5 Bxd5 34.
Rhxh7+ Kg8 35. cxd5 Ra1 36. Bf4 Bxf4 37. Rbg7# 1-0

[Event "C.to Europeo U16"]
[Site "Zagan POL"]
[Date "1995.06.??"]
[Round "4"]
[White "Halkias, Stelios"]
[Black "Oberrauch, Martin"]
[Result "0-1"]
[WhiteElo "2230"]
[BlackElo "1812"]
[PlyCount "43"]
[EventDate "1995.06.25"]

1. d4 d5 2. c4 c6 3. Nc3 Nf6 4. Nf3 e6 5. Bg5 Be7 6. e3 O-O 7. Bd3 Nbd7 8. O-O
b6 9. Qe2 Bb7 10. e4 Nxe4 11. Nxe4 dxe4 12. Qxe4 g6 13. Bh6 Re8 14. Rfe1 Nf6
15. Qe2 Ng4 16. Bf4 Bf8 17. Rad1 Bg7 18. h3 Nf6 19. Bb1 Qe7 20. Bg5 Qc7 21. Qe5
Qxe5 22. dxe5 0-1

[Event "C.to Europeo U16"]
[Site "Zagan POL"]
[Date "1995.06.??"]
[Round "5"]
[White "Oberrauch, Martin"]
[Black "Eusebe, Aurelien"]
[Result "0-1"]
[WhiteElo "1812"]
[BlackElo "2090"]
[PlyCount "108"]
[EventDate "1995.06.25"]

1. c4 e6 2. Nf3 Nf6 3. d3 b6 4. g3 Bb7 5. Bg2 Be7 6. O-O O-O 7. Nc3 c5 8. Bf4
d6 9. a3 Nbd7 10. b4 Nh5 11. Bd2 Rb8 12. bxc5 Nxc5 13. a4 e5 14. Nd5 a5 15. d4
Nd7 16. dxe5 dxe5 17. Bc3 e4 18. Nd4 Nhf6 19. Nf5 Nxd5 20. cxd5 Bf6 21. Bd4
Bxd5 22. e3 Kh8 23. Rb1 Bc4 24. Re1 Bd3 25. Rb2 g6 26. Nd6 Nc5 27. Nb5 Re8 28.
Qa1 Kg7 29. Na7 Qd6 30. Nb5 Qe7 31. Bxf6+ Qxf6 32. Nd4 Ba6 33. Reb1 Kg8 34. Rd2
Nd3 35. Nb5 Qxa1 36. Rxa1 Bxb5 37. axb5 f5 38. Bf1 Red8 39. Rad1 Rbc8 40. Bxd3
Rxd3 41. Rxd3 exd3 42. Rxd3 Rc5 43. Rb3 Kf7 44. Kf1 Rc2 45. Rd3 Ke7 46. h4 Rb2
47. Rc3 Rxb5 48. Rc7+ Kf6 49. Rxh7 a4 50. Ra7 Ra5 51. Rc7 a3 52. Rc1 b5 53. Ke2
b4 54. Kd2 b3 0-1

[Event "C.to Europeo U16"]
[Site "Zagan POL"]
[Date "1995.06.??"]
[Round "6"]
[White "Bialy, Rafal"]
[Black "Oberrauch, Martin"]
[Result "1/2-1/2"]
[WhiteElo "2115"]
[BlackElo "1812"]
[PlyCount "66"]
[EventDate "1995.06.25"]

1. d4 d5 2. Nf3 Nf6 3. c4 c6 4. Nc3 e6 5. cxd5 exd5 6. Bg5 Be7 7. e3 Bf5 8. Bd3
Ne4 9. Bxe7 Qxe7 10. O-O O-O 11. Qc2 Bg6 12. Ne5 Nxc3 13. Nxg6 hxg6 14. bxc3
Nd7 15. c4 dxc4 16. Bxc4 Nb6 17. Bb3 Qd6 18. Rad1 Rfd8 19. e4 Qb4 20. d5 cxd5
21. exd5 Rac8 22. Qd3 a5 23. d6 Rd7 24. Rfe1 a4 25. Bd5 Nxd5 26. Qxd5 Rcd8 27.
Rb1 Qxd6 28. Qxd6 Rxd6 29. Rxb7 Rd2 30. g3 Rxa2 31. Rd7 Rf8 32. Ra7 a3 33. Kg2
Ra1 1/2-1/2

[Event "C.to Europeo U16"]
[Site "Zagan POL"]
[Date "1995.06.??"]
[Round "7"]
[White "Oberrauch, Martin"]
[Black "Mah, Karl C.C."]
[Result "1/2-1/2"]
[WhiteElo "1812"]
[BlackElo "2170"]
[PlyCount "103"]
[EventDate "1995.06.25"]

1. c4 g6 2. Nc3 Bg7 3. g3 Nf6 4. Bg2 O-O 5. Nf3 d6 6. O-O e5 7. d3 c6 8. Rb1
Re8 9. Bd2 h6 10. b4 d5 11. c5 e4 12. dxe4 Nxe4 13. Nxe4 Rxe4 14. e3 Bf5 15.
Rc1 Rc4 16. Qb3 Rxc1 17. Rxc1 Be4 18. Nd4 Bxg2 19. Kxg2 a6 20. Bc3 Nd7 21. Nf3
Qe7 22. Bxg7 Kxg7 23. Qc3+ f6 24. a3 Re8 25. Qd4 Nf8 26. a4 Ne6 27. Qc3 Ng5 28.
Nd2 Qe6 29. Qd3 Ne4 30. Nxe4 Qxe4+ 31. Qxe4 Rxe4 32. Rb1 Rc4 33. Kf3 f5 34. Rb2
Kf6 35. Ke2 a5 36. bxa5 Rxa4 37. Rxb7 Rxa5 38. Rd7 Rxc5 39. Rd6+ Kf7 40. h3
Rc2+ 41. Ke1 Kg7 42. h4 Rc4 43. Ke2 g5 44. h5 f4 45. gxf4 gxf4 46. Rg6+ Kh7 47.
exf4 Rxf4 48. Rxc6 Rf5 49. Rd6 Rxh5 50. Kf3 Rf5+ 51. Kg4 Rxf2 52. Rxd5 1/2-1/2

[Event "C.to Europeo U18"]
[Site "Zagan POL"]
[Date "1995.06.??"]
[Round "1"]
[White "Guerrieri, Lorenzo"]
[Black "Ferguson, Mark"]
[Result "0-1"]
[WhiteElo "2210"]
[BlackElo "2370"]
[PlyCount "90"]
[EventDate "1995.06.25"]

1. e4 e5 2. Nc3 Nf6 3. f4 d5 4. fxe5 Nxe4 5. Nf3 Be7 6. d4 O-O 7. Bd3 f5 8.
exf6 Bxf6 9. O-O Nc6 10. Nxe4 dxe4 11. Bxe4 Nxd4 12. Ng5 Bf5 13. c3 Bxg5 14.
Bxg5 Qxg5 15. Qxd4 Bxe4 16. Qxe4 Qc5+ 17. Kh1 Qb5 18. c4 Qxb2 19. Rfb1 Qc3 20.
Qxb7 Qxc4 21. Rc1 Qd4 22. Qxc7 Rad8 23. Rab1 Rd7 24. Qg3 Qf2 25. Rc8 Qxg3 26.
Rxf8+ Kxf8 27. hxg3 Ke7 28. Kg1 Kd6 29. Kf2 Kc5 30. Ke2 Kc4 31. Rb3 g6 32. Ke1
h5 33. Ke2 Rd5 34. Ra3 a5 35. Rb3 g5 36. Rb8 Kc3 37. Rb3+ Kc2 38. Rb8 a4 39.
Ra8 Rd4 40. Ke3 Rd3+ 41. Ke4 Rxg3 42. Kf5 a3 43. Rb8 h4 44. Ke4 Rxg2 45. Kf3 h3
0-1

[Event "C.to Europeo U18"]
[Site "Zagan POL"]
[Date "1995.06.??"]
[Round "3"]
[White "Banikas, Hristos"]
[Black "Guerrieri, Lorenzo"]
[Result "1-0"]
[WhiteElo "2335"]
[BlackElo "2210"]
[PlyCount "79"]
[EventDate "1995.06.25"]

1. d4 e6 2. Nf3 f5 3. g3 Nf6 4. Bg2 Be7 5. c4 O-O 6. O-O d6 7. Nc3 Qe8 8. Qc2
Qh5 9. Re1 Bd7 10. b4 Nc6 11. b5 Nd8 12. a4 Nf7 13. e4 e5 14. Ba3 exd4 15. Nxd4
fxe4 16. Nxe4 Ne5 17. f4 Neg4 18. h3 Nh6 19. Ng5 Rae8 20. Bf3 Qg6 21. Qxg6 hxg6
22. Nde6 Rc8 23. Bxb7 Rb8 24. Bf3 Bxe6 25. Nxe6 Rfc8 26. Nxg7 Kf7 27. Ne6 Nf5
28. Kf2 Nh5 29. Bd5 Nhxg3 30. Ng5+ Kf8 31. Rxe7 Kxe7 32. Re1+ Kf8 33. Bb2 Ne7
34. Nh7+ Ke8 35. Kxg3 c6 36. Bxc6+ Rxc6 37. bxc6 Rxb2 38. c7 Rb3+ 39. Kg4 Kd7
40. Rxe7+ 1-0

[Event "C.to Europeo U18"]
[Site "Zagan POL"]
[Date "1995.06.??"]
[Round "5"]
[White "Muningis, Paulius"]
[Black "Guerrieri, Lorenzo"]
[Result "1-0"]
[WhiteElo "2045"]
[BlackElo "2210"]
[PlyCount "71"]
[EventDate "1995.06.25"]

1. d4 f5 2. Nf3 Nf6 3. g3 g6 4. Bg2 Bg7 5. O-O O-O 6. c4 d6 7. Nc3 Nc6 8. d5
Ne5 9. Nxe5 dxe5 10. e4 f4 11. f3 e6 12. Qe2 exd5 13. cxd5 Nh5 14. g4 Nf6 15.
Bd2 Ne8 16. Be1 Bf6 17. Rc1 Be7 18. Bf2 Bd6 19. Qc4 a6 20. a4 Qe7 21. a5 Rf7
22. Na4 Bd7 23. Rfd1 Bb5 24. Qb3 Bb4 25. Nc3 Bd7 26. Bf1 h5 27. gxh5 gxh5 28.
d6 Bxd6 29. Bc4 Bh3 30. Kh1 Rb8 31. Rg1+ Kf8 32. Bh4 Qxh4 33. Bxf7 Ng7 34. Rxg7
Kxg7 35. Be6 Bc5 36. Qd5 1-0

[Event "C.to Europeo U18"]
[Site "Zagan POL"]
[Date "1995.06.??"]
[Round "8"]
[White "Guerrieri, Lorenzo"]
[Black "Basrak, Srdjan"]
[Result "1/2-1/2"]
[WhiteElo "2210"]
[BlackElo "2270"]
[PlyCount "130"]
[EventDate "1995.06.25"]

1. e4 e5 2. Nc3 Nc6 3. Bc4 Nf6 4. d3 Bb4 5. Bg5 h6 6. Bh4 d6 7. Nge2 Be6 8. Bb5
a6 9. Ba4 b5 10. Bb3 Nd4 11. O-O Bxc3 12. bxc3 Nxe2+ 13. Qxe2 g5 14. Bg3 h5 15.
Bxe6 fxe6 16. h3 c5 17. d4 h4 18. Bh2 Qc7 19. dxe5 dxe5 20. a4 bxa4 21. Rxa4 a5
22. Qe3 Rg8 23. c4 Nh5 24. Qf3 Nf4 25. Qg4 Ke7 26. Rfa1 Qb7 27. Bxf4 exf4 28.
Rxa5 Rxa5 29. Rxa5 Qxe4 30. Ra7+ Kf6 31. Qh5 Qg6 32. Qd1 Qe4 33. Rc7 Qa8 34.
Qd6 Qf8 35. Qd3 Rg7 36. Rc6 Qe7 37. Qc3+ Kg6 38. Qe5 Kh7 39. Rxe6 Qf7 40. Qe4+
Kh8 41. Re8+ Rg8 42. Qe5+ Qg7 43. Qxg7+ Kxg7 44. Re5 Kf6 45. Rxc5 Ra8 46. Kf1
Ra2 47. Rd5 Rxc2 48. c5 Kg6 49. Ke1 Kf6 50. Kd1 Rxf2 51. c6 f3 52. gxf3 Rxf3
53. Kd2 Ke7 54. c7 Rf8 55. Rxg5 Kd7 56. Rg7+ Kc8 57. Ke3 Rf1 58. Rh7 Rf6 59.
Ke2 Rf4 60. Ke3 Rc4 61. Kf3 Rxc7 62. Rxh4 Rc3+ 63. Kg2 Rc2+ 64. Kg1 Rc1+ 65.
Kf2 Rc3 1/2-1/2

[Event "C.to Europeo U18"]
[Site "Zagan POL"]
[Date "1995.06.??"]
[Round "11"]
[White "Guerrieri, Lorenzo"]
[Black "Dantas, Carlos"]
[Result "0-1"]
[WhiteElo "2210"]
[BlackElo "2180"]
[PlyCount "80"]
[EventDate "1995.06.25"]

1. e4 g6 2. d4 Bg7 3. Nc3 d6 4. Be3 c6 5. Qd2 Nd7 6. f3 Ngf6 7. Nge2 O-O 8. g4
e5 9. O-O-O Ne8 10. h4 Qc7 11. h5 Nb6 12. Ng3 d5 13. Qh2 exd4 14. Bxd4 Bh6+ 15.
Kb1 Bf4 16. Nce2 Bd6 17. e5 Bb4 18. e6 Bxe6 19. Nf4 g5 20. Ng6 Bd6 21. Nxf8
Kxf8 22. Rg1 c5 23. Be3 h6 24. Qf2 d4 25. Bc1 Nd5 26. Ne4 Be5 27. c4 dxc3 28.
bxc3 Rc8 29. Bb2 Qb6 30. c4 Nb4 31. Ka1 Bf4 32. a3 Be3 33. Qg2 Bxg1 34. Qxg1
Nc2+ 35. Ka2 Qb5 36. Rd5 Bxd5 37. cxd5 c4 38. Qg2 Qb3+ 39. Kb1 Nxa3+ 40. Kc1 c3
0-1

[Event "Open"]
[Site "Roma ITA"]
[Date "1995.??.??"]
[Round "?"]
[White "Coppini, Giorgio"]
[Black "Nicevski, Risto"]
[Result "0-1"]
[WhiteElo "2255"]
[BlackElo "2340"]
[PlyCount "54"]
[EventDate "1995.??.??"]

1. e4 c5 2. Nc3 Nc6 3. g3 g6 4. Bg2 Bg7 5. d3 e6 6. Be3 b6 7. Nge2 Nge7 8. Qd2
O-O 9. Bh6 Bxh6 10. Qxh6 Ba6 11. h4 f6 12. O-O-O b5 13. Qe3 b4 14. Nb1 Qa5 15.
f4 Rac8 16. h5 Qxa2 17. hxg6 Nxg6 18. g4 Nd4 19. f5 Ne5 20. Nxd4 cxd4 21. Qxd4
Qa4 22. c3 Qa1 23. Kc2 Qa4+ 24. Kc1 Qa2 25. Bf1 bxc3 26. Nxc3 Rxc3+ 27. Kd2
Nf3+ 0-1

[Event "Open"]
[Site "Roma ITA"]
[Date "1995.??.??"]
[Round "?"]
[White "Coppini, Giorgio"]
[Black "Pienabarca, Nicola"]
[Result "1-0"]
[WhiteElo "2255"]
[BlackElo "1965"]
[PlyCount "59"]
[EventDate "1995.??.??"]

1. e4 e6 2. d4 d5 3. Nd2 Nf6 4. e5 Nfd7 5. c3 c5 6. Bd3 Nc6 7. Ne2 cxd4 8. cxd4
f6 9. exf6 Qxf6 10. Nf3 Bb4+ 11. Bd2 Bxd2+ 12. Qxd2 O-O 13. O-O e5 14. Nc3 Nxd4
15. Nxd4 exd4 16. Nxd5 Qd6 17. Qg5 Nf6 18. Nf4 Ne4 19. Bxe4 Qxf4 20. Bd5+ Kh8
21. Qxf4 Rxf4 22. Rad1 Bg4 23. f3 Bh5 24. Bxb7 Rb8 25. Be4 Bf7 26. Rxd4 Bxa2
27. Ra1 Bg8 28. Rxa7 Rf7 29. Rxf7 Bxf7 30. Ra4 1-0

[Event "Open"]
[Site "Roma ITA"]
[Date "1995.??.??"]
[Round "?"]
[White "Coppini, Giorgio"]
[Black "Scacco, Mauro"]
[Result "1-0"]
[WhiteElo "2255"]
[BlackElo "2004"]
[PlyCount "113"]
[EventDate "1995.??.??"]

1. e4 e5 2. Nf3 Nc6 3. Bb5 a6 4. Ba4 Nf6 5. O-O Be7 6. Re1 b5 7. Bb3 O-O 8. a4
Na5 9. Ba2 Bb7 10. d3 d6 11. Nc3 b4 12. Ne2 c5 13. Ng3 h6 14. c3 Nc6 15. Nf5
Nh7 16. Bd5 a5 17. h3 Nf6 18. Nh2 Kh7 19. Ng4 Nxd5 20. exd5 Nb8 21. Ngxh6 g6
22. Qf3 Na6 23. Nxe7 Qxe7 24. Ng4 f5 25. Nh2 Nc7 26. c4 Ne8 27. Qg3 Qf7 28. Nf3
f4 29. Ng5+ Kg8 30. Qh4 Qg7 31. Ne6 Qf6 32. Qxf6 Rxf6 33. g3 fxg3 34. fxg3 Bc8
35. Ng5 Ra7 36. Be3 Bf5 37. Rad1 Rf8 38. g4 Bc8 39. b3 Nf6 40. Rf1 Re7 41. Rde1
Bd7 42. Rf2 Ree8 43. Ref1 Kg7 44. Rxf6 Rxf6 45. Rxf6 Kxf6 46. Ne4+ Kg7 47. Nxd6
Rb8 48. Ne4 Bxa4 49. bxa4 b3 50. Nc3 b2 51. Nb1 Rb4 52. Bxc5 Rxa4 53. Ba3 e4
54. d6 Rxa3 55. Nxa3 exd3 56. d7 d2 57. d8=Q 1-0

[Event "Open"]
[Site "Roma ITA"]
[Date "1995.??.??"]
[Round "?"]
[White "Coppini, Giorgio"]
[Black "Vignato, Giovanni"]
[Result "1/2-1/2"]
[WhiteElo "2255"]
[BlackElo "1918"]
[PlyCount "70"]
[EventDate "1995.??.??"]

1. e4 c6 2. d4 d5 3. Nd2 dxe4 4. Nxe4 Bf5 5. Ng3 Bg6 6. h4 h6 7. h5 Bh7 8. f4
e6 9. Nf3 Bd6 10. Bd3 Bxd3 11. Qxd3 Ne7 12. Ne4 Qc7 13. Nxd6+ Qxd6 14. Bd2 Nd7
15. O-O-O c5 16. Qb5 Qc6 17. Qxc6 Nxc6 18. Bc3 cxd4 19. Nxd4 Nxd4 20. Bxd4 Nf6
21. f5 b6 22. Rhe1 Ke7 23. Bc3 a5 24. fxe6 fxe6 25. Re5 Rhc8 26. Rd3 Rc6 27.
Rg3 Kf7 28. Rb5 Rac8 29. Bxf6 Rxc2+ 30. Kd1 gxf6 31. Rxb6 Rf2 32. Rb7+ Kf8 33.
Rg6 Rcc2 34. Rxh6 Rfd2+ 35. Ke1 Re2+ 1/2-1/2

[Event "Open"]
[Site "Roma ITA"]
[Date "1995.??.??"]
[Round "?"]
[White "Coppini, Giorgio"]
[Black "Zhu, Dinglong"]
[Result "1/2-1/2"]
[WhiteElo "2255"]
[BlackElo "2320"]
[PlyCount "46"]
[EventDate "1995.??.??"]

1. e4 e5 2. Nf3 Nc6 3. Bb5 Nf6 4. O-O Nxe4 5. d4 Be7 6. Qe2 Nd6 7. Bxc6 bxc6 8.
dxe5 Nb7 9. Rd1 O-O 10. Nd4 Qe8 11. Nc3 Bc5 12. Bf4 Nd8 13. Bg3 Ne6 14. Nxe6
fxe6 15. Ne4 Be7 16. b3 a5 17. Qd3 Qg6 18. f3 Rf5 19. Kh1 Rh5 20. h3 a4 21. Bh2
Rf5 22. c4 Rf7 23. Qc3 Bf8 1/2-1/2

[Event "Open"]
[Site "Roma ITA"]
[Date "1995.??.??"]
[Round "?"]
[White "Corvi, Marco"]
[Black "Coppini, Giorgio"]
[Result "1/2-1/2"]
[WhiteElo "2185"]
[BlackElo "2255"]
[PlyCount "82"]
[EventDate "1995.??.??"]

1. e4 d6 2. d4 Nf6 3. Nc3 g6 4. Bg5 c6 5. Qd2 Bg7 6. f3 b5 7. Nge2 b4 8. Nd1 a5
9. a3 bxa3 10. Rxa3 Nbd7 11. Ne3 h6 12. Bh4 g5 13. Nf5 Bf8 14. Bg3 Nb6 15. Ne3
a4 16. Nc3 d5 17. exd5 Nfxd5 18. Nexd5 Nxd5 19. Rxa4 Rxa4 20. Nxa4 e6 21. Kf2
Bg7 22. c3 O-O 23. Bd3 f5 24. Ke2 e5 25. dxe5 f4 26. Bf2 Qa5 27. Nc5 Bxe5 28.
Ne4 Rd8 29. Qc2 Ba6 30. Rd1 Ne3 31. Bxe3 fxe3 32. Bxa6 Qxa6+ 33. c4 Rxd1 34.
Kxd1 Qa1+ 35. Ke2 Bxb2 36. Kxe3 Bd4+ 37. Kd3 c5 38. Ng3 Qa3+ 39. Ke4 Qe3+ 40.
Kd5 Qe5+ 41. Kc6 Qe8+ 1/2-1/2

[Event "Open"]
[Site "Roma ITA"]
[Date "1995.??.??"]
[Round "?"]
[White "Corvi, Marco"]
[Black "Ianniello, Riccardo"]
[Result "0-1"]
[WhiteElo "2185"]
[BlackElo "2320"]
[PlyCount "130"]
[EventDate "1995.??.??"]

1. e4 e6 2. d4 Ne7 3. Nf3 d5 4. Nc3 Ng6 5. h4 Bb4 6. exd5 exd5 7. h5 Nf8 8. h6
g6 9. Bg5 f6 10. Bh4 Qe7+ 11. Be2 Be6 12. Qd2 Nc6 13. a3 Ba5 14. O-O Nd7 15.
Rfe1 O-O 16. b4 Bb6 17. Na4 Qf7 18. Bg3 Rfc8 19. Nb2 Ne7 20. c3 Nf5 21. Bf4 Nf8
22. Bd3 Bd7 23. g4 Nd6 24. g5 Ne4 25. Rxe4 dxe4 26. Bxe4 c6 27. gxf6 Bd8 28.
Nd3 Bxf6 29. Nfe5 Qe7 30. Re1 Be6 31. Nc5 Bxe5 32. Bxe5 b6 33. Nd3 Nd7 34. f4
Nxe5 35. Nxe5 Qh4 36. Qf2 Qxf2+ 37. Kxf2 Bd5 38. Bd3 a5 39. c4 Bf7 40. Nd7 Rd8
41. Re7 axb4 42. Ne5 Be8 43. f5 gxf5 44. Bxf5 Rd6 45. axb4 Rf6 46. Rg7+ Kf8 47.
Rxh7 Rxf5+ 48. Ke3 Ra3+ 49. Ke4 Rh5 50. d5 cxd5+ 51. cxd5 Rah3 52. d6 Rxh6 53.
d7 Bxd7 54. Nxd7+ Ke8 55. Rxh6 Rxh6 56. Ne5 Ke7 57. Nc4 Kd7 58. Ne5+ Kc7 59.
Kd4 Rh4+ 60. Kc3 Kd6 61. Nd3 Kc6 62. Ne5+ Kb5 63. Nd7 Rc4+ 64. Kd3 Rxb4 65. Kc3
Rh4 0-1

[Event "Open"]
[Site "Roma ITA"]
[Date "1995.??.??"]
[Round "?"]
[White "Corvi, Marco"]
[Black "Malloni, Marcello"]
[Result "0-1"]
[WhiteElo "2185"]
[BlackElo "2195"]
[PlyCount "46"]
[EventDate "1995.??.??"]

1. e4 e6 2. d4 d5 3. e5 c5 4. c3 Nc6 5. Nf3 Bd7 6. Be2 Nge7 7. Na3 Ng6 8. h4
Be7 9. h5 Nh4 10. Nxh4 Bxh4 11. Nc2 cxd4 12. cxd4 Be7 13. Rh3 f6 14. f4 fxe5
15. fxe5 O-O 16. Bd3 Nb4 17. Nxb4 Bxb4+ 18. Bd2 Qg5 19. Bxb4 Qxg2 20. Bxf8 Rxf8
21. Qe2 Qg1+ 22. Qf1 Rxf1+ 23. Bxf1 Qxd4 0-1

[Event "Open"]
[Site "Roma ITA"]
[Date "1995.??.??"]
[Round "?"]
[White "Farina, Saverio"]
[Black "Ferretti, Folco"]
[Result "0-1"]
[WhiteElo "2120"]
[BlackElo "2275"]
[PlyCount "118"]
[EventDate "1995.??.??"]

1. d4 d5 2. c4 c6 3. Nc3 Nf6 4. Bg5 Ne4 5. Nxe4 dxe4 6. Qd2 Bf5 7. e3 Nd7 8. f3
f6 9. Bh4 e5 10. fxe4 Bxe4 11. Nf3 Qb6 12. a3 O-O-O 13. Be2 exd4 14. exd4 Bxf3
15. gxf3 c5 16. d5 Bd6 17. Bg3 Rhe8 18. O-O-O Be5 19. Bxe5 Rxe5 20. Bd3 Rde8
21. f4 R5e7 22. Rhe1 g6 23. Rxe7 Rxe7 24. Re1 Qd6 25. Rxe7 Qxe7 26. Qe2 Qxe2
27. Bxe2 Kc7 28. Kd2 Kd6 29. Bg4 f5 30. Bf3 Nf6 31. Ke3 Ne8 32. h4 Ke7 33. Be2
Kf6 34. b3 Nd6 35. Bd3 h6 36. Kf3 g5 37. hxg5+ hxg5 38. fxg5+ Kxg5 39. b4 b6
40. bxc5 bxc5 41. Be2 Nf7 42. Ke3 Kf6 43. Kf4 Ne5 44. Bf1 Ng6+ 45. Ke3 Ke5 46.
Bh3 Ne7 47. Bg2 Nc8 48. Bf3 a5 49. Bh5 Nd6 50. Be2 Ne4 51. Bd3 Ng5 52. Be2 f4+
53. Kd3 f3 54. Bf1 Kf4 55. a4 Ne4 56. Kc2 Ke3 57. Bh3 Nd6 58. Bf1 Kf2 59. Bd3
Ke1 0-1

[Event "Open"]
[Site "Roma ITA"]
[Date "1995.??.??"]
[Round "?"]
[White "Farina, Saverio"]
[Black "Marzano, Carlo"]
[Result "1/2-1/2"]
[WhiteElo "2120"]
[BlackElo "2205"]
[PlyCount "24"]
[EventDate "1995.??.??"]

1. d4 d6 2. c4 e5 3. e3 Nc6 4. Nc3 g6 5. Nf3 Bg7 6. Be2 f5 7. O-O e4 8. Nd2 Nf6
9. f3 exf3 10. Nxf3 O-O 11. Qc2 Kh8 12. Bd2 Ne7 1/2-1/2

[Event "Open"]
[Site "Roma ITA"]
[Date "1995.??.??"]
[Round "?"]
[White "Farina, Saverio"]
[Black "Monteleone, Antonio"]
[Result "1/2-1/2"]
[WhiteElo "2120"]
[BlackElo "2225"]
[PlyCount "93"]
[EventDate "1995.??.??"]

1. d4 e6 2. e4 d5 3. exd5 exd5 4. Nf3 c5 5. Bb5+ Bd7 6. Bxd7+ Nxd7 7. O-O Be7
8. Be3 c4 9. b3 Rc8 10. Ne5 Ngf6 11. bxc4 dxc4 12. Qf3 O-O 13. Qxb7 Rc7 14. Qf3
Nb6 15. Nc3 a6 16. Nc6 Qd6 17. Nxe7+ Rxe7 18. Bf4 Qd7 19. Rab1 Nfd5 20. Nxd5
Nxd5 21. Rfe1 Rxe1+ 22. Rxe1 Re8 23. Rxe8+ Qxe8 24. h3 Qe6 25. Bd2 f6 26. Qg4
Qxg4 27. hxg4 Kf7 28. c3 Ke6 29. Kf1 Nc7 30. Ke2 Kd5 31. Ke3 Ne6 32. f4 a5 33.
Kf3 a4 34. f5 Nc7 35. Kf4 g5+ 36. fxg6 hxg6 37. Kf3 Nb5 38. Ke3 Nd6 39. Kf4 Ne4
40. Be1 Nd6 41. Kf3 Nb5 42. Ke3 Nd6 43. Kd2 Ke4 44. Bg3 Nc8 45. Kc2 Nb6 46. Kb2
Kd3 47. Bc7 1/2-1/2

[Event "Open"]
[Site "Roma ITA"]
[Date "1995.??.??"]
[Round "?"]
[White "Ferretti, Folco"]
[Black "Corvi, Marco"]
[Result "0-1"]
[WhiteElo "2275"]
[BlackElo "2185"]
[PlyCount "116"]
[EventDate "1995.??.??"]

1. e4 Nf6 2. e5 Nd5 3. d4 d6 4. c4 Nb6 5. exd6 cxd6 6. Nc3 g6 7. Bd3 Bg7 8.
Nge2 Nc6 9. Be3 Bg4 10. f3 Bf5 11. b3 Bxd3 12. Qxd3 d5 13. c5 Nc8 14. O-O e6
15. b4 O-O 16. Rab1 N8e7 17. Nb5 Nf5 18. Bf2 Qg5 19. Ng3 a6 20. Nxf5 Qxf5 21.
Qxf5 gxf5 22. Nd6 Nxd4 23. Nxb7 Rab8 24. Na5 Ne2+ 25. Kh1 Nc3 26. Rb2 Ne4 27.
fxe4 Bxb2 28. exd5 exd5 29. Nc6 Rb7 30. Bh4 Rc8 31. Ne7+ Rxe7 32. Bxe7 f6 33.
Bd6 Kf7 34. Rxf5 Ke6 35. Rf3 d4 36. Kg1 Bc3 37. a3 Kd5 38. Be7 Kc4 39. Bxf6 d3
40. Bg5 d2 41. Bxd2 Bxd2 42. g4 Rc6 43. Kg2 Kb5 44. h4 h6 45. Kf2 Bc1 46. Rc3
Bb2 47. Rb3 Bf6 48. Kg3 Ka4 49. Rd3 Bb2 50. g5 hxg5 51. hxg5 Rg6 52. Kg4 Bc1
53. Rd5 Kb5 54. Kh5 Rg8 55. c6+ Kb6 56. g6 Bxa3 57. Rd6 Bxb4 58. c7+ Bxd6 0-1

[Event "Open"]
[Site "Roma ITA"]
[Date "1995.??.??"]
[Round "?"]
[White "Ferretti, Folco"]
[Black "Nurkic, Sahbaz"]
[Result "1/2-1/2"]
[WhiteElo "2275"]
[BlackElo "2450"]
[PlyCount "87"]
[EventDate "1995.??.??"]

1. e4 c5 2. c3 d5 3. exd5 Qxd5 4. d4 Nc6 5. Nf3 e5 6. Nxe5 Nxe5 7. dxe5 Qxe5+
8. Be3 Bd7 9. Nd2 O-O-O 10. Qb3 Nh6 11. Nf3 Qc7 12. O-O-O Nf5 13. Qxf7 Bd6 14.
Bd2 Rhf8 15. Qb3 Bc6 16. Ng5 Bf4 17. Ne6 Rxd2 18. Nxc7 Rxf2+ 19. Kb1 Kxc7 20.
Bb5 Be4+ 21. Bd3 Bxg2 22. Qb5 Bd6 23. Rhe1 Bc6 24. Qa5+ Kb8 25. Bxf5 Bc7 26.
Qxc5 R2xf5 27. Qe7 R5f7 28. Qh4 g6 29. Re7 a6 30. Rxf7 Rxf7 31. Qc4 Re7 32. Rf1
Re8 33. Qc5 Bxh2 34. Rf8 Rc8 35. Rxc8+ Kxc8 36. Qf8+ Kd7 37. Qf7+ Kd6 38. Qxh7
Be4+ 39. Ka1 Be5 40. Qh6 Ke6 41. a4 Kf5 42. Qf8+ Bf6 43. Qc5+ Be5 44. Qf8+
1/2-1/2